History Quiz

Random History or Blitz Quiz

1920s Blitz Quiz Stats

 Plays Quiz Updated Aug 21, 2013

Support Sporcle.
Go Orange.
Score 0/24 Timer 05:00
5 Plays Today
Category 1920's answer % Correct
Vehicle models manufactured by Ford [3]Model T
92.6%
World's Fair Cities in Europe [10]Barcelona
89.7%
U.S. President [4]Woodrow Wilson
87.8%
World Series Winning Team [6]Indians
82.8%
Olympic Host City [5]Antwerp
80.3%
Country ceded German land after WWI [10]Lithuania
79.7%
NFL Championship Winning Team [8]Pros
70.7%
Nobel Prize winner in Physics* [13]Einstein
69.8%
Original NFL City (1920) [13]Rock Island
68.5%
#1 Ranked U.S. Boys Name [2]John
67.5%
Stanley Cup Winning Team [7]St. Patricks
64.9%
New League of Nations Member [14]Estonia
61.8%
Category 1920's answer % Correct
#1 Ranked U.S. Girls Name [1]Mary
56%
English Football Champion [7]Liverpool
48.6%
British Prime Minister [4]Stanley Baldwin
35.8%
Oscar Best Picture [2]The Broadway Melody
33.7%
Charlie Chaplin film [9]The Kid
29.9%
Company joining General Motors [8]Pontiac
29.9%
President of Germany [2]Paul von Hindenburg
24.9%
State carried by Robert LaFollette (1924) [1]Wisconsin
22.2%
Oscar Best Actress [2]Mary Pickford
21.5%
World Heavyweight Boxing Champ [2]Jack Dempsey
18.3%
Oscar Best Actor [2]Warner Baxter
14.8%
Musicals/Operas by Gershwin [10]Strike Up the Band
8.8%

From the Vault

Obstacles Guarding the Sorcerer's Stone

by girl_on_fire

Didn't it seem like it might've just been safer left in Gringott's?
Remove Ads.
Support Sporcle.
Get the best of Sporcle when you Go Orange. This ad-free experience offers more features, more stats, and more fun while also helping to support Sporcle. Thank you for becoming a member.

Show Comments

Extras

Top Quizzes Today


Score Distribution

Your Account Isn't Verified!

In order to create a playlist on Sporcle, you need to verify the email address you used during registration. Go to your Sporcle Settings to finish the process.

Report this User

Report this user for behavior that violates our Community Guidelines.

Details: